[Event "Malmo Open"]
[Site "Malmo"]
[Date "2015.12.19"]
[Round "3.7"]
[White "Lindvall, Tord"]
[Black "Sjodahl, Pontus"]
[Result "0-1"]
[WhiteElo "1949"]
[BlackElo "2404"]

1.Nf3 Nf6 2.d4 g6 3.Bg5 Bg7 4.Bxf6 Bxf6 5.e4 d6 6.c3 Nd7 7.Bc4 e6 8.Nbd2 
a6 9.Qe2 O-O 10.h4 b5 11.Bb3 Bg7 12.O-O-O c5 13.Kb1 a5 14.Qe3 a4 15.Bc2 b4
16.cxb4 Qb6 17.bxc5 dxc5 18.Nc4 Qb5 19.b3 axb3 20.Bxb3 cxd4 21.Nxd4 Qa6 
22.e5 Nc5 23.Rd2 Nxb3 24.Qxb3 Bb7 25.f4 Bd5 26.Nb5 Rfb8 27.Rb2 f6 28.Re1 
fxe5 29.fxe5 Rxb5 30.Qxb5 Qxb5 31.Rxb5 Bxc4 32.Rb2 h5 33.a4 Bd5 34.Rb4 Bf8
35.Rd4 Bc5 36.Rf4 Bf8 37.g4 hxg4 38.Rxg4 Kh7 39.Rf1 Bg7 40.Rg5 Rxa4 41.h5 
Be4+ 42.Kb2 Bh6 43.hxg6+ Bxg6 44.Rh1 Re4 45.Rg3 Bf5 46.Rb3 Rxe5 47.Rb7+ 
Kg6 48.Rg1+ Kf6 49.Rg8 Re2+ 50.Kc3 Rc2+ 51.Kd4 Rd2+ 52.Kc3 Rd3+ 53.Kc4 Rd1
54.Rh8 Be3 55.Rf8+ Ke5 56.Rb5+ Ke4 57.Kc3 Rc1+ 58.Kb4 Bd4 59.Rf7 e5 60.
Rbb7 Rb1+ 61.Ka5 Ra1+ 62.Kb5 Bg4 63.Kc6 Rc1+ 64.Kb5 Be2+ 65.Ka5 Bc5 66.Rh7
Ra1# 0-1

[Event "Malmo Open"]
[Site "Malmo"]
[Date "2015.12.19"]
[Round "3.8"]
[White "Olsson, Paul"]
[Black "Fries-Nielsen, Jens Ove"]
[Result "0-1"]
[WhiteElo "1948"]
[BlackElo "2400"]

1.d4 Nf6 2.Bg5 e6 3.e4 Be7 4.Nc3 d5 5.e5 Nfd7 6.h4 c6 7.Qg4 f6 8.Bf4 O-O 
9.Nf3 Qe8 10.h5 fxe5 11.dxe5 Qf7 12.Bg3 Qf5 13.Qxf5 exf5 14.Bd3 Nc5 15.
O-O-O Ne4 16.Bxe4 fxe4 17.Nd4 Na6 18.a3 Nc7 19.Kb1 Bg4 20.Rdf1 c5 21.Ndb5 
Nxb5 22.Nxb5 Be2 23.Nc7 Bxf1 24.Rxf1 Rad8 25.Ne6 Kf7 26.Nxd8+ Rxd8 27.f4 
exf3 28.gxf3 Ke6 29.f4 Kf5 30.Rg1 d4 31.Bh2 g6 32.hxg6 hxg6 33.Bg3 Rh8 34.
Rf1 Rh3 35.Be1 Rh2 36.Kc1 c4 37.Bb4 Bh4 38.Bc5 Ke4 39.e6 Kd5 40.e7 Re2 41.
Bxa7 Rxe7 42.Bb8 Re1+ 43.Rxe1 Bxe1 44.Kd1 Bg3 45.Ke2 Ke4 46.b3 c3 47.Bd6 
g5 48.Be7 gxf4 49.a4 f3+ 50.Kf1 d3 51.cxd3+ Kxd3 52.Bg5 Kc2 53.b4 Kb3 54.
b5 Kxa4 55.b6 Kb3 56.Kg1 Kc2 57.Kf1 Kd1 58.Kg1 Ke2 0-1

[Event "Malmo Open"]
[Site "Malmo"]
[Date "2015.12.19"]
[Round "3.9"]
[White "Knutsson, Hakan"]
[Black "Lokander, Martin"]
[Result "0-1"]
[WhiteElo "1946"]
[BlackElo "2367"]

1.e4 e5 2.Nf3 Nc6 3.Bb5 a6 4.Ba4 f5 5.Nc3 b5 6.Bb3 fxe4 7.Nxe4 d5 8.Ng3 e4
9.Qe2 Be7 10.Nxe4 dxe4 11.Qxe4 Qd6 12.Ng5 Nf6 13.Qf3 Qe5+ 14.Kf1 Nd4 0-1

[Event "Malmo Open"]
[Site "Malmo"]
[Date "2015.12.19"]
[Round "3.10"]
[White "Hedin, Niclas"]
[Black "Aabling-Thomsen, Jakob"]
[Result "0-1"]
[WhiteElo "1942"]
[BlackElo "2343"]

1.d4 g6 2.c4 Bg7 3.e4 d6 4.Nf3 e5 5.d5 f5 6.exf5 gxf5 7.Be2 Nf6 8.O-O O-O 
9.Nc3 Qe8 10.Ng5 h6 11.Ne6 Bxe6 12.dxe6 Qxe6 13.Qb3 b6 14.Nd5 Rf7 15.Qh3 
c6 16.Ne3 Ne4 17.Bd3 Ng5 18.Qh5 e4 19.Bc2 Nd7 20.h4 Nh7 21.a4 Ne5 22.Ra3 
f4 23.Bxe4 fxe3 24.Rxe3 Nf6 25.Bf5 Qxc4 26.Qd1 Kh8 27.Qxd6 Ne8 28.Qe6 Qxe6
29.Bxe6 Re7 30.Bf5 Nd6 31.Bb1 Rae8 32.Rd1 Ndc4 33.Rg3 Nd7 34.Kf1 Nc5 35.b3
Nb2 36.Bxb2 Bxb2 37.Rg6 Re6 38.h5 Bc3 39.Rxe6 Rxe6 40.g3 Re5 41.Bg6 Rd5 
42.Rc1 Bb4 43.Rc4 a5 44.Rf4 Ne6 45.Rf7 Nf8 46.Be4 Rxh5 47.Bxc6 Bc5 48.Kg2 
Re5 49.f4 Re2+ 50.Kh3 Ng6 51.Bd5 Re7 52.Rf6 Kg7 53.Rc6 Nf8 54.Bc4 Nd7 55.
g4 Be3 56.Kg3 Nf6 57.g5 hxg5 58.fxg5 Ne4+ 59.Kg4 Nxg5 60.Rc8 Nf7 61.Kf5 
Nd6+ 0-1

[Event "MSF Open"]
[Site "Malmo"]
[Date "2015.12.19"]
[Round "3.11"]
[White "Akke, Mattias"]
[Black "Greibrokk, Maria"]
[Result "1-0"]
[WhiteElo "1484"]
[BlackElo "1592"]

1.e4 c5 2.Nc3 d6 3.f4 g6 4.Nf3 Bg7 5.Bc4 Nf6 6.O-O Nc6 7.d3 e6 8.Qe1 O-O 
9.f5 exf5 10.Qh4 a6 11.a3 b5 12.Ba2 Qc7 13.Bh6 Nh5 14.Bxg7 Kxg7 15.Nd5 Qd8
16.Qxd8 Rxd8 17.Nb6 Rb8 18.Nxc8 f4 19.Nxd6 Rxd6 20.Kf2 Nd4 21.Nxd4 Rxd4 
22.Ke2 Rb7 23.Bd5 Re7 24.Kd2 c4 25.Kc3 Rxd5 26.exd5 cxd3 27.Kxd3 Re3+ 28.
Kd2 Re5 29.Rad1 Rxd5+ 30.Kc3 Rc5+ 31.Kb3 Rc6 32.Rd4 g5 33.Rd5 h6 34.h4 f6 
35.hxg5 fxg5 36.Rfd1 Nf6 37.Rd6 Rxd6 38.Rxd6 a5 39.a4 bxa4+ 40.Kxa4 g4 41.
Rd3 Ne4 42.Kxa5 Kf6 43.b4 h5 44.b5 Nc5 45.Rd6+ Ke5 46.Rh6 h4 47.Rxh4 f3 
48.gxf3 gxf3 49.Rh1 1-0

[Event "MSF Open"]
[Site "Malmo"]
[Date "2015.12.19"]
[Round "3.12"]
[White "Hugo, Linus"]
[Black "Ben Hamida, Anis"]
[Result "0-1"]
[WhiteElo "1481"]
[BlackElo "1592"]

1.d4 Nf6 2.c4 c5 3.d5 e6 4.dxe6 fxe6 5.Nc3 d5 6.Bg5 d4 7.Bxf6 Qxf6 8.Ne4 
Qg6 9.Qd3 Nc6 10.Ng3 Qf7 11.Nf3 Be7 12.a3 O-O 13.Ne4 e5 14.Nfg5 Bxg5 15.
Nxg5 Qxf2+ 16.Kd1 Bf5 17.Qg3 Qxg3 18.hxg3 e4 19.Rh4 h6 20.Nxe4 Bxe4 21.Rf4
g5 22.Rxf8+ Rxf8 23.Kd2 Na5 24.Re1 Nxc4+ 25.Kc1 Ne3 0-1

[Event "Malmo Open"]
[Site "Malmo"]
[Date "2015.12.19"]
[Round "4.1"]
[White "Westerberg, Jonathan"]
[Black "Gronn, Atle"]
[Result "1/2-1/2"]
[WhiteElo "2497"]
[BlackElo "2333"]

1.e4 c6 2.d4 d5 3.Nc3 dxe4 4.Nxe4 Bf5 5.Ng3 Bg6 6.Nh3 e6 7.Nf4 Bd6 8.h4 
Qc7 9.Nxg6 hxg6 10.Ne4 Bf4 11.Bxf4 Qxf4 12.Ng5 Nf6 13.g3 Qd6 14.c3 Qd5 15.
Rg1 Nbd7 16.Bg2 Qb5 17.Qb3 Qxb3 18.axb3 e5 19.dxe5 Nxe5 20.Ke2 O-O 21.Rgd1
a6 22.Rd4 Rfe8 23.Kf1 Rad8 24.Rad1 Rxd4 25.Rxd4 Kf8 26.Bh3 Re7 27.Rd8+ Re8
28.Rxe8+ Nxe8 29.Ke2 f6 30.Ne6+ Ke7 31.Nc5 Nd6 32.Ke3 a5 33.f4 Nef7 34.g4 
g5 35.hxg5 fxg5 36.fxg5 Nxg5 37.Bg2 Ne6 38.Nxe6 Kxe6 39.Kf4 Nf7 40.g5 Nd6 
41.Bh3+ Kd5 42.Kg4 Ke5 43.Kh5 Kf4 44.Kg6 c5 45.Bd7 b6 46.Be6 Ke5 47.Bd7 
Kf4 48.Be6 Ke5 49.Bd7 1/2-1/2

[Event "Malmo Open"]
[Site "Malmo"]
[Date "2015.12.19"]
[Round "4.2"]
[White "Aabling-Thomsen, Jakob"]
[Black "Gdanski, Jacek"]
[Result "0-1"]
[WhiteElo "2343"]
[BlackElo "2492"]

1.Nf3 c5 2.e4 e6 3.d4 cxd4 4.Nxd4 Nc6 5.Nc3 Qc7 6.f4 a6 7.Nxc6 bxc6 8.Bd3 
d5 9.O-O Nf6 10.Qe2 Be7 11.Bd2 Bb7 12.Kh1 h5 13.Rf3 c5 14.b3 d4 15.Nd1 g5 
16.fxg5 Ng4 17.Bf4 Bd6 18.Qd2 O-O-O 19.h3 Rdg8 20.Kg1 Bxf4 21.Qxf4 Ne5 22.
Rf2 h4 23.Be2 Rh7 24.Nb2 Rhg7 25.Nd3 Rxg5 26.Nxe5 Qxe5 27.Qxe5 Rxe5 28.
Rxf7 Bxe4 29.Bxa6+ Kd8 30.Rf2 Reg5 31.Bf1 e5 32.Re1 Bc6 33.c3 e4 34.Rd2 d3
35.Re3 Rg3 36.Rxg3 hxg3 37.c4 Kc7 38.a3 Kd6 39.b4 Ke5 40.Bxd3 Rd8 0-1

[Event "Malmo Open"]
[Site "Malmo"]
[Date "2015.12.19"]
[Round "4.3"]
[White "Stopa, Jacek"]
[Black "Hecht, Hans-Joachim"]
[Result "1-0"]
[WhiteElo "2460"]
[BlackElo "2329"]

1.d4 Nf6 2.c4 e6 3.Nf3 b6 4.g3 Bb7 5.Bg2 Be7 6.O-O O-O 7.Re1 d5 8.cxd5 
exd5 9.Nc3 Nbd7 10.Bf4 a6 11.Rc1 c5 12.dxc5 Nxc5 13.Nd4 Re8 14.b4 Ne6 15.
Nxe6 fxe6 16.Qb3 Rc8 17.Na4 b5 18.Nc5 Bxc5 19.bxc5 Ne4 20.Qb4 Qf6 21.Be3 
Ng5 22.Red1 Nf7 23.Bd4 e5 24.Bb2 Qe6 25.Qb3 Rcd8 26.a4 Bc6 27.axb5 axb5 
28.Ra1 d4 29.Qxe6 Rxe6 30.Ra6 Bd5 31.Rxe6 Bxe6 32.Ra1 Rc8 33.Ra6 Nd8 34.c6
b4 35.Rb6 b3 36.f4 Bg4 37.Bd5+ Kf8 38.fxe5 Bxe2 39.Bxd4 Bg4 40.Bc5+ Ke8 
41.Bd6 Be6 42.Be4 g6 43.c7 Nf7 44.Bc6+ Bd7 45.Rb8 1-0

[Event "Malmo Open"]
[Site "Malmo"]
[Date "2015.12.19"]
[Round "4.4"]
[White "Lindahl, Emil"]
[Black "Semcesen, Daniel"]
[Result "0-1"]
[WhiteElo "2200"]
[BlackElo "2431"]

1.d4 d5 2.c4 c6 3.Nf3 Nf6 4.e3 Bg4 5.Nc3 e6 6.h3 Bh5 7.g4 Bg6 8.Ne5 Nbd7 
9.Nxg6 hxg6 10.cxd5 exd5 11.Bg2 Bb4 12.Bd2 Qe7 13.Qc2 Nb6 14.f3 Nc4 15.Kf2
O-O-O 16.a3 Nxd2 17.axb4 Nc4 18.Rhe1 Qxb4 19.b3 Nb6 20.Rxa7 Kb8 21.Raa1 
Rhe8 22.Na4 Nfd7 23.Nb2 Re6 24.Nd3 Qe7 25.Nf4 Qh4+ 26.Kg1 Re7 27.Qf2 Qxf2+
28.Kxf2 g5 29.Nd3 Nf6 30.Ne5 Ne8 31.Rad1 Nd6 32.e4 dxe4 33.fxe4 Nb5 34.Ke3
f6 35.Nc4 Nd5+ 36.Kf2 Ndc3 37.Rd3 Rxd4 38.Rxd4 Nxd4 39.b4 Kc7 40.e5 b5 41.
Nd2 Rxe5 42.Ra1 Re2+ 0-1

[Event "Malmo Open"]
[Site "Malmo"]
[Date "2015.12.19"]
[Round "4.5"]
[White "Sjodahl, Pontus"]
[Black "Tegler, Erik"]
[Result "1-0"]
[WhiteElo "2404"]
[BlackElo "1960"]

1.d4 Nf6 2.c4 c5 3.d5 b5 4.cxb5 a6 5.e3 g6 6.Nc3 Bg7 7.a4 O-O 8.Bc4 d6 9.
Nge2 Nbd7 10.Ra3 Nb6 11.Ba2 axb5 12.Nxb5 Ba6 13.Nec3 Qd7 14.O-O Rfb8 15.e4
Ne8 16.Re1 Nxa4 17.Qxa4 Bxb5 18.Qxa8 Rxa8 19.Rxa8 Qb7 20.Ra3 Nc7 21.Rb3 
Qa6 22.Bb1 h6 23.Ra3 Qb7 24.Rb3 Qa6 25.Bc2 Kh7 26.Bd2 Bc4 27.Ra3 Qb7 28.
Rb1 Na6 29.b3 Bb5 30.Ra5 Bd7 31.Na2 Bb5 32.h3 Bd4 33.Nc3 Bd7 34.Bd3 Nb4 
35.Bc4 f5 36.Re1 Be5 37.f4 Bd4+ 38.Kh2 fxe4 39.Rxe4 Bf5 40.Re2 Bd3 41.Re6 
Bf5 42.Re2 Bd3 43.Rb5 Qd7 44.Re6 Bf5 45.Re2 Bd3 46.Re6 Bf5 47.Re1 Nc2 48.
Re2 Na3 49.Rb8 Nxc4 50.bxc4 Bd3 51.Re6 Bf5 52.Re1 g5 53.Nb5 Bf6 54.Ra8 Qe8
55.Rxe8 1-0

[Event "Malmo Open"]
[Site "Malmo"]
[Date "2015.12.19"]
[Round "4.6"]
[White "Fries-Nielsen, Jens Ove"]
[Black "Tadic, Vlado"]
[Result "1-0"]
[WhiteElo "2400"]
[BlackElo "1934"]

1.c4 Nf6 2.b3 e5 3.Bb2 d6 4.e3 Be7 5.Nf3 h6 6.d3 O-O 7.Nc3 Bg4 8.Be2 Nh7 
9.Nd5 Nf6 10.Nxe7+ Qxe7 11.h3 Bd7 12.g4 Nh7 13.Rg1 Ng5 14.h4 Nh7 15.g5 h5 
16.Nd2 g6 17.Ne4 Bf5 18.Ng3 Qd7 19.d4 Nc6 20.d5 Ne7 21.e4 Bh3 22.f4 f6 23.
gxf6 Nxf6 24.fxe5 dxe5 25.Nxh5 Nxe4 26.Qd3 Qf5 27.Qe3 Kh7 28.O-O-O gxh5 
29.Bd3 Qf4 30.Bxe4+ Bf5 31.Rg7+ Kh6 32.Qxf4+ exf4 33.Rxe7 1-0

[Event "Malmo Open"]
[Site "Malmo"]
[Date "2015.12.19"]
[Round "4.7"]
[White "Lokander, Martin"]
[Black "Gronn, Eskil Ekeland"]
[Result "1-0"]
[WhiteElo "2367"]
[BlackElo "1920"]

1.d4 Nf6 2.Bg5 d5 3.Bxf6 exf6 4.e3 c6 5.c4 dxc4 6.Bxc4 Bd6 7.Nc3 O-O 8.Qc2
f5 9.Nge2 Nd7 10.h3 Nf6 11.g4 Qa5 12.O-O-O b5 13.Bd3 b4 14.Na4 Be6 15.gxf5
Bxa2 16.b3 Bxb3 17.Qxb3 c5 18.dxc5 Bxc5 19.Kb1 Nd5 20.Rhg1 Rab8 21.Qxd5 
Qxa4 22.f6 g6 23.Bxg6 b3 24.Nc3 Qa5 25.Bxh7+ Kh8 26.Qh5 1-0

[Event "Malmo Open"]
[Site "Malmo"]
[Date "2015.12.19"]
[Round "4.8"]
[White "Tikkanen, Hans"]
[Black "Fries-Nielsen, Niels J"]
[Result "1-0"]
[WhiteElo "2515"]
[BlackElo "2309"]

1.e4 c5 2.Nf3 Nc6 3.Bb5 Qb6 4.Na3 a6 5.Bd3 Qc7 6.O-O Nf6 7.Re1 d6 8.h3 Rg8
9.Nc4 b5 10.Ne3 e5 11.a4 Rb8 12.axb5 axb5 13.c3 g5 14.Nh2 h5 15.Be2 Rh8 
16.Nd5 Nxd5 17.exd5 Ne7 18.d4 g4 19.dxe5 gxh3 20.Bf4 Ng6 21.Bxb5+ Kd8 22.
exd6 Bxd6 23.Bg5+ Ne7 24.Rxe7 Bxe7 25.d6 Qb7 26.dxe7+ Kc7 27.Qd8+ 1-0

[Event "Malmo Open"]
[Site "Malmo"]
[Date "2015.12.19"]
[Round "4.10"]
[White "Hector, Jonny"]
[Black "Malmdin, Nils-Ake"]
[Result "1-0"]
[WhiteElo "2499"]
[BlackElo "2195"]

1.e4 g6 2.d4 Bg7 3.Nc3 c5 4.dxc5 Bxc3+ 5.bxc3 Qa5 6.Bd3 Nf6 7.Nf3 Nc6 8.
O-O Qxc5 9.Rb1 a6 10.Be3 Qh5 11.Be2 d6 12.Nd2 Bg4 13.f3 Bc8 14.Nc4 O-O 15.
g4 Qh3 16.Rf2 h5 17.Bf1 Qh4 18.g5 Nh7 19.Rg2 b5 20.Nb6 Rb8 21.Nxc8 Rbxc8 
22.Rg3 Ne5 23.Rh3 Nxf3+ 24.Qxf3 Qg4+ 25.Qxg4 hxg4 26.Rg3 Rxc3 27.Bd3 Ra3 
28.Rb2 Rc8 29.Rxg4 e5 30.Bd2 Ra4 31.Bb4 Rc6 32.c3 Nf8 33.Bc2 Rxb4 34.cxb4 
1-0

[Event "MSF Open"]
[Site "Malmo"]
[Date "2015.12.19"]
[Round "4.11"]
[White "Ben Hamida, Anis"]
[Black "Gade, Jens"]
[Result "1-0"]
[WhiteElo "1592"]
[BlackElo "1488"]

1.e4 e5 2.Nf3 Nc6 3.Bc4 d6 4.d4 exd4 5.Nxd4 Nxd4 6.Qxd4 Qf6 7.Qd3 Be6 8.
Bxe6 Qxe6 9.Qb5+ Qd7 10.Qxb7 Qc8 11.Qc6+ Ke7 12.Nc3 Nf6 13.Bg5 h6 14.Nd5+ 
1-0

[Event "MSF Open"]
[Site "Malmo"]
[Date "2015.12.19"]
[Round "4.12"]
[White "Sukhayanudit, Apichai"]
[Black "Akke, Mattias"]
[Result "1-0"]
[WhiteElo "1585"]
[BlackElo "1484"]

1.d4 d5 2.b3 g6 3.Bb2 Bg7 4.e3 Nc6 5.c4 e5 6.cxd5 Qxd5 7.Nc3 Qa5 8.Bb5 Bd7
9.Bxc6 Bxc6 10.d5 Rd8 11.e4 Ne7 12.Qf3 Nxd5 13.exd5 Bxd5 14.Qg3 Bxb3 15.
axb3 Qb4 16.Ne2 Qxb3 17.Rb1 Qc2 18.O-O b5 19.Ba3 e4 20.Qxc7 Rd7 21.Qc8+ 
Rd8 22.Qc6+ Rd7 23.Rfd1 1-0

[Event "Malmo Open"]
[Site "Malmo"]
[Date "2015.12.19"]
[Round "5.1"]
[White "Gdanski, Jacek"]
[Black "Sjodahl, Pontus"]
[Result "1/2-1/2"]
[WhiteElo "2492"]
[BlackElo "2404"]

1.Nf3 d5 2.c4 e6 3.g3 Nf6 4.Bg2 dxc4 5.Qa4+ c6 6.Qxc4 b5 7.Qb3 Bb7 8.O-O 
a6 9.a4 Nbd7 10.d4 c5 11.Bg5 c4 12.Qc2 Be7 13.axb5 axb5 14.Nc3 1/2-1/2

[Event "Malmo Open"]
[Site "Malmo"]
[Date "2015.12.19"]
[Round "5.2"]
[White "Stopa, Jacek"]
[Black "Fries-Nielsen, Jens Ove"]
[Result "1/2-1/2"]
[WhiteElo "2460"]
[BlackElo "2400"]

1.d4 Nf6 2.c4 e6 3.Nf3 c5 4.g3 Na6 5.Bg2 d6 6.O-O Be7 7.Nc3 O-O 8.d5 exd5 
9.cxd5 Nc7 10.a4 Rb8 11.e4 Bg4 12.h3 Bxf3 13.Qxf3 Nd7 14.Qe2 a6 15.a5 b5 
16.axb6 Rxb6 17.h4 Bf6 18.Bh3 Re8 19.Qc2 Ne5 20.f4 Nc4 21.Kh2 Qb8 22.Ra2 
Rb4 23.Re1 Nb6 24.Re2 Nb5 25.Nxb5 axb5 26.Bg2 1/2-1/2

[Event "Malmo Open"]
[Site "Malmo"]
[Date "2015.12.19"]
[Round "5.3"]
[White "Semcesen, Daniel"]
[Black "Lokander, Martin"]
[Result "1/2-1/2"]
[WhiteElo "2431"]
[BlackElo "2367"]

1.d4 d5 2.Nf3 a6 3.c4 dxc4 4.e3 b5 5.a4 Bb7 6.axb5 axb5 7.Rxa8 Bxa8 8.b3 
e6 9.bxc4 bxc4 10.Bxc4 Nf6 1/2-1/2

[Event "Malmo Open"]
[Site "Malmo"]
[Date "2015.12.19"]
[Round "5.4"]
[White "Skytte, Rasmus"]
[Black "Tikkanen, Hans"]
[Result "1/2-1/2"]
[WhiteElo "2400"]
[BlackElo "2515"]

1.d4 d5 2.Nf3 c6 3.c4 Nf6 4.Nc3 dxc4 5.a4 Bf5 6.Ne5 Nbd7 7.Nxc4 Qc7 8.g3 
e5 9.dxe5 Nxe5 10.Bf4 Nfd7 11.Bg2 Be7 12.a5 a6 13.Qc1 Bf6 14.O-O 1/2-1/2

[Event "Malmo Open"]
[Site "Malmo"]
[Date "2015.12.19"]
[Round "5.5"]
[White "Hedman, Erik"]
[Black "Hector, Jonny"]
[Result "1-0"]
[WhiteElo "2344"]
[BlackElo "2499"]

1.d4 d5 2.c4 c6 3.Nf3 Nf6 4.Nc3 dxc4 5.a4 Bf5 6.Ne5 Nbd7 7.Nxc4 Qc7 8.g3 
e5 9.dxe5 Nxe5 10.Bf4 Nfd7 11.Bg2 f6 12.O-O g5 13.Nxe5 gxf4 14.Nxd7 Qxd7 
15.a5 Qxd1 16.Raxd1 a6 17.Rd4 fxg3 18.hxg3 Rd8 19.Rfd1 Rxd4 20.Rxd4 Be6 
21.b4 f5 22.Na4 Be7 23.Nc5 Bc8 24.Bh3 O-O 25.Kg2 Bf6 26.Rc4 Be7 27.Rd4 Kf7
28.g4 Re8 29.gxf5 Bf6 30.Re4 Rg8+ 31.Kf3 h5 32.Rc4 Rg1 33.e4 Rh1 34.Kg2 
Rd1 35.f4 Rd2+ 36.Kg3 Ra2 37.e5 Ra3+ 38.Kg2 Ra2+ 39.Kf1 Ra3 40.Bg2 Ra1+ 
41.Ke2 Ra2+ 42.Kf3 Bh4 43.e6+ Kf6 44.Ne4+ Kxf5 45.Bh3+ Kg6 46.f5+ Kh6 47.
Nd6 Ra3+ 48.Kg2 Ra2+ 49.Kf1 Ra1+ 50.Ke2 Ra2+ 51.Kd1 Ra1+ 52.Kc2 Bf6 53.
Nxc8 Rh1 54.e7 Rh2+ 55.Kd1 Bxe7 56.Nxe7 Rxh3 57.f6 Kg5 58.Nxc6 1-0

[Event "Malmo Open"]
[Site "Malmo"]
[Date "2015.12.19"]
[Round "5.6"]
[White "Kristensen, Kaare"]
[Black "Westerberg, Jonathan"]
[Result "1-0"]
[WhiteElo "2324"]
[BlackElo "2497"]

1.e4 c5 2.Nf3 Nf6 3.e5 Nd5 4.Nc3 Nxc3 5.dxc3 Nc6 6.Bf4 Qb6 7.b3 h6 8.Bd3 
Qc7 9.O-O e6 10.Re1 d5 11.exd6 Bxd6 12.Bxd6 Qxd6 13.Bb5 Qxd1 14.Raxd1 Bd7 
15.Rd5 a6 16.Bxc6 Bxc6 17.Rxc5 Bxf3 18.gxf3 O-O 19.Rd1 Rfc8 20.Rxc8+ Rxc8 
21.c4 Rc7 22.Kf1 Kf8 23.Ke2 Ke7 24.Rd4 Rc5 25.b4 Re5+ 26.Kf1 Rh5 27.c5 
Rxh2 28.Rd6 Rh4 29.Rb6 Rc4 30.Rxb7+ Kd8 31.c3 Rxc3 32.Ra7 Ra3 33.b5 Rxa2 
34.b6 Rb2 35.Rxa6 Kd7 36.Ra7+ Kc8 37.Rxf7 Rb5 38.Rc7+ Kb8 39.f4 g6 40.Kg2 
Rb3 41.Rg7 Rc3 42.Rxg6 Rxc5 43.Rxh6 Rf5 44.Rxe6 Rxf4 45.Kg3 Rb4 46.f4 Kc8 
47.Kg4 Kd7 48.Rh6 Rb1 49.Kg5 Rb5+ 50.f5 Rb1 51.Rh7+ Kd6 52.b7 Ke5 53.Re7+ 
Kd6 54.Kf6 Rb5 55.Re8 Rxb7 56.Rd8+ Kc7 57.Rd1 Rb2 58.Kf7 Rf2 59.f6 Rd2 60.
Rxd2 1-0

[Event "Malmo Open"]
[Site "Malmo"]
[Date "2015.12.19"]
[Round "5.7"]
[White "Gronn, Atle"]
[Black "Brynell, Stellan"]
[Result "1/2-1/2"]
[WhiteElo "2333"]
[BlackElo "2421"]

1.Nf3 d5 2.d4 Nf6 3.c4 dxc4 4.e3 Bg4 5.Bxc4 e6 6.O-O a6 7.h3 Bh5 8.b3 Nc6 
9.Bb2 Bd6 10.Be2 O-O 11.Nbd2 Nd5 12.Ne4 Qe7 13.Nxd6 cxd6 14.Qd2 f5 15.Ba3 
Nd8 16.Rac1 Nf7 17.Ne5 Bxe2 18.Qxe2 Rfc8 19.Nxf7 Kxf7 20.f3 Qg5 21.f4 Qd8 
22.e4 Nf6 23.exf5 exf5 24.d5 Qb6+ 25.Kh2 Re8 26.Qc2 Ne4 27.Qc7+ Qxc7 28.
Rxc7+ Re7 29.Rfc1 Re8 30.g4 Rxc7 31.Rxc7+ Re7 32.Rc2 g6 33.Kg2 Rd7 34.g5 
Ke7 35.Rc8 Rd8 36.Rc7+ Rd7 37.Rc8 Rd8 38.Rc7+ Rd7 1/2-1/2

[Event "Malmo Open"]
[Site "Malmo"]
[Date "2015.12.19"]
[Round "5.8"]
[White "Akesson, Ralf"]
[Black "Boe, Mads"]
[Result "1-0"]
[WhiteElo "2421"]
[BlackElo "2330"]

1.d4 f5 2.Nc3 d5 3.Bf4 e6 4.e3 Bd6 5.Nf3 Nf6 6.Bd3 O-O 7.O-O b6 8.Ne2 Ne4 
9.c4 Bb7 10.Rc1 Nd7 11.Bxd6 Nxd6 12.c5 Nc4 13.Qc2 bxc5 14.Nf4 Qe7 15.dxc5 
Nde5 16.Nd4 Nxd3 17.Qxd3 Rf6 18.Nf3 c6 19.b3 Na3 20.Qd4 a5 21.Qe5 Nb5 22.
Nd4 Qc7 23.Nd3 Qxe5 24.Nxe5 Nxd4 25.exd4 a4 26.Rfe1 Rff8 27.Nd7 Rfe8 28.
Nb6 1-0

[Event "Malmo Open"]
[Site "Malmo"]
[Date "2015.12.19"]
[Round "5.9"]
[White "Gutzmann, Tobias"]
[Black "Karlsson, Lars"]
[Result "0-1"]
[WhiteElo "2148"]
[BlackElo "2450"]

1.d4 g6 2.e4 Bg7 3.Nf3 d6 4.h3 a6 5.a4 b6 6.Be3 Nd7 7.Bc4 e6 8.Bg5 Ne7 9.
Nc3 h6 10.Bf4 Bb7 11.Qd3 g5 12.Bd2 Ng6 13.O-O-O b5 14.Bb3 c5 15.axb5 cxd4 
16.Na4 Nc5 17.Nxc5 dxc5 18.Qc4 axb5 19.Qxb5+ Qd7 20.Qxd7+ Kxd7 21.Kb1 Bxe4
22.Rhe1 Bxf3 23.gxf3 Rhb8 24.Re4 Ra7 25.Bc1 Ke7 26.f4 gxf4 27.Bxf4 Nxf4 
28.Rxf4 Rb4 29.Rg1 Be5 30.Re4 Bf6 31.Bxe6 fxe6 32.Rg6 d3 0-1

[Event "MSF Open"]
[Site "Malmo"]
[Date "2015.12.19"]
[Round "5.11"]
[White "Nilsson, Joel"]
[Black "Ben Hamida, Anis"]
[Result "0-1"]
[WhiteElo "1500"]
[BlackElo "1592"]

1.d4 Nf6 2.c4 c5 3.d5 e6 4.Nc3 exd5 5.cxd5 d6 6.e4 g6 7.Bd3 a6 8.a4 Bg7 9.
Nf3 Bg4 10.h3 Bxf3 11.Qxf3 O-O 12.Bg5 Nbd7 13.O-O Re8 14.Rfe1 Qa5 15.Qf4 
Ne5 16.Be2 Nfd7 17.Bh6 Qb4 18.Bxg7 Kxg7 19.Qc1 c4 20.f4 Nd3 21.Bxd3 cxd3 
22.Rb1 Nc5 23.e5 Nb3 24.Qe3 d2 25.Re2 Re7 26.e6 fxe6 27.dxe6 Qc4 28.f5 Rf8
29.Rf1 Rf6 30.Qg5 h6 31.Qg3 Qc5+ 32.Kh1 Rxf5 33.Rd1 Re5 34.Rxe5 Qxe5 35.
Qf2 Qxe6 36.Rf1 Rf7 37.Qxf7+ Qxf7 38.Rxf7+ Kxf7 39.Kg1 Nc5 40.a5 Nb3 41.
Kf2 Ke6 42.Ke2 Ke5 43.Nb1 d1=B+ 44.Kxd1 Nxa5 45.Ke2 Kd4 0-1

[Event "MSF Open"]
[Site "Malmo"]
[Date "2015.12.19"]
[Round "5.12"]
[White "Nass, Maria"]
[Black "Sukhayanudit, Apichai"]
[Result "0-1"]
[WhiteElo "1489"]
[BlackElo "1585"]

1.e4 e5 2.Nf3 d6 3.d4 exd4 4.Nxd4 g6 5.Nc3 Bg7 6.Be3 a6 7.Bc4 h6 8.Qd2 Nd7
9.O-O-O Nc5 10.f4 Nf6 11.Bd3 Nxd3+ 12.Qxd3 Ng4 13.Bg1 Qf6 14.h3 Qxf4+ 15.
Kb1 Ne5 16.Qe2 Be6 17.Nxe6 fxe6 18.Be3 Qh4 19.Rhf1 O-O-O 20.Bd4 Rhf8 21.
Bxe5 Bxe5 22.Qc4 Qe7 23.Ne2 Rxf1 24.Rxf1 d5 25.exd5 Rxd5 26.Nf4 Bxf4 27.
Qxf4 Rf5 28.Qc1 Rxf1 29.Qxf1 e5 30.a3 e4 31.Qe2 Qe6 32.Kc1 Qd5 33.Qd2 Qf5 
34.Qe2 h5 35.Kd1 b5 36.c4 c6 37.b3 Kd7 38.Kc2 e3+ 39.Qd3+ Ke6 40.Kc3 Qe5+ 
41.Kc2 e2 42.Qxg6+ Ke7 43.Qh7+ Ke8 44.Qg8+ Kd7 45.Qf7+ Kc8 46.Qf8+ Kb7 47.
Qf7+ Kb6 48.Qf2+ c5 49.Qe1 bxc4 50.bxc4 Qe4+ 51.Kd2 Qxg2 52.Qxe2 Qxh3 53.
Qf2 Qd7+ 54.Kc1 Qd4 55.Qc2 Ka5 56.Qe2 Qa1+ 57.Kc2 Qa2+ 0-1

[Event "Malmo Open"]
[Site "Malmo"]
[Date "2015.12.20"]
[Round "6.1"]
[White "Fries-Nielsen, Jens Ove"]
[Black "Gdanski, Jacek"]
[Result "1/2-1/2"]
[WhiteElo "2400"]
[BlackElo "2492"]

1.c4 e5 2.b3 Nc6 3.Bb2 g6 4.h4 h5 5.Nf3 Bg7 6.e3 d6 7.Be2 Bg4 8.Nc3 Qd7 9.
a3 O-O-O 10.b4 Kb8 11.b5 Nce7 12.a4 Nh6 13.e4 f5 14.d3 Nf7 15.a5 Rc8 16.
Qb3 Nd8 17.b6 cxb6 18.axb6 a6 19.Ng5 Bxe2 20.Nxe2 Ne6 1/2-1/2

[Event "Malmo Open"]
[Site "Malmo"]
[Date "2015.12.20"]
[Round "6.2"]
[White "Lokander, Martin"]
[Black "Stopa, Jacek"]
[Result "1/2-1/2"]
[WhiteElo "2367"]
[BlackElo "2460"]

1.d4 Nf6 2.c4 e6 3.Nf3 d5 4.g3 dxc4 5.Bg2 c6 6.Ne5 b5 7.Nxc6 Qb6 8.Na5 Nd5
9.Bd2 a6 10.Nc3 Nxc3 11.Bxc3 Ra7 12.O-O Be7 13.b3 O-O 14.a3 cxb3 15.Qxb3 
Rc7 16.Rac1 Bd7 17.Bb4 Bxb4 18.Qxb4 Rfc8 19.Rxc7 Rxc7 20.e3 g6 21.h4 h5 
22.Bf3 Rc8 23.Bb7 Rc7 24.Bf3 Rc8 25.Bb7 Rc7 1/2-1/2

[Event "Malmo Open"]
[Site "Malmo"]
[Date "2015.12.20"]
[Round "6.3"]
[White "Semcesen, Daniel"]
[Black "Hedman, Erik"]
[Result "1/2-1/2"]
[WhiteElo "2431"]
[BlackElo "2344"]

1.d4 Nf6 2.c4 c5 3.d5 e6 4.Nc3 exd5 5.cxd5 d6 6.e4 g6 7.Nge2 Bg7 8.Ng3 O-O
9.Be2 Na6 10.O-O Nc7 11.a4 Na6 12.Bg5 h6 13.Be3 h5 14.Bg5 Qb6 15.Qd2 Bd7 
16.Kh1 Nh7 17.Bh4 Qb4 18.Be7 c4 19.e5 Bxe5 20.Bxf8 Rxf8 21.f4 Bg7 22.f5 
Nc5 23.Rad1 Bxa4 24.Nxa4 Qxa4 25.Qf4 Be5 26.Qh6 Bg7 27.Qf4 Be5 28.Qh6 Bg7 
29.Qf4 1/2-1/2

[Event "Malmo Open"]
[Site "Malmo"]
[Date "2015.12.20"]
[Round "6.4"]
[White "Akesson, Ralf"]
[Black "Kristensen, Kaare"]
[Result "1-0"]
[WhiteElo "2421"]
[BlackElo "2324"]

1.c4 c5 2.Nf3 e6 3.g3 d5 4.cxd5 exd5 5.d4 Nc6 6.Bg2 Nf6 7.O-O Be7 8.Nc3 
O-O 9.Bg5 c4 10.Ne5 Be6 11.Nxc6 bxc6 12.b3 h6 13.Bxf6 Bxf6 14.Na4 cxb3 15.
axb3 Bf5 16.e3 Qb8 17.Rc1 Rc8 18.Nc5 Be7 19.Qh5 Bg6 20.Qg4 a5 21.Nd7 Qxb3 
22.Ne5 Bc2 23.Qd7 Ba3 24.Nxc6 Qa4 25.Ra1 Kh8 26.Qxd5 Bb3 27.Qe4 Ra6 28.Ne5
Qb4 29.Qb7 Raa8 30.Qxb4 axb4 31.Rfb1 Bc2 32.Bxa8 Bxb1 33.Rxb1 Rxa8 34.
Nxf7+ Kg8 35.Nd6 Kf8 36.Kf1 Ke7 37.Ne4 Ke6 38.Ke2 Kf5 39.f3 h5 40.Kd3 g5 
41.Nc5 g4 42.e4+ Kg6 43.f4 h4 44.f5+ Kf6 45.Rf1 hxg3 46.hxg3 Rh8 47.e5+ 
1-0

[Event "Malmo Open"]
[Site "Malmo"]
[Date "2015.12.20"]
[Round "6.5"]
[White "Tikkanen, Hans"]
[Black "Sjodahl, Pontus"]
[Result "1-0"]
[WhiteElo "2515"]
[BlackElo "2404"]

1.e4 e6 2.d4 d5 3.Nd2 c5 4.Ngf3 Nf6 5.exd5 exd5 6.Bb5+ Bd7 7.Bxd7+ Nbxd7 
8.O-O Be7 9.dxc5 Nxc5 10.Nd4 Qd7 11.N2f3 O-O 12.Ne5 Qc8 13.Qf3 Re8 14.Nf5 
Nce4 15.c3 Bf8 16.Nd3 a5 17.Be3 Ra6 18.Rad1 g6 19.Nd4 Ng4 20.Bf4 f6 21.Qh3
Ng5 22.Bxg5 fxg5 23.Rfe1 Nf6 24.Rxe8 Qxe8 25.Re1 Qd7 26.Qg3 g4 27.Qb8 Rb6 
28.Re2 Ne4 29.g3 Qd6 30.Qc8 h5 31.Nf4 Kf7 32.Nxd5 Qxd5 33.Qc7+ Be7 34.Qxb6
Ng5 35.Qb3 1-0